[Event "DVM U20w 2015"]
[Site "Osnabrück GER"]
[Date "2015.12.28"]
[Round "3"]
[White "Klek, Hanna Marie"]
[Black "Spangenberg, Romy"]
[Result "1-0"]
[Termination "normal"]
[Board "1.1"]
[WhiteElo "2307"]
[BlackElo "1859"]
[WhiteTeam "SC Bechhofen 1923"]
[BlackTeam "Chemnitzer SC Aufbau`95"]
[PlyCount "43"]
[WhiteFideId "24670057"]
[BlackFideId "4627997"]
[EventCountry "GER"]
[EventRounds "7"]
[EventType "team-swiss"]
[EventDate "2015.12.26"]

1. e4 c5 2. Nf3 Nc6 3. d4 cxd4 4. c3 dxc3 5. Nxc3 g6 6. Bc4 Bg7 7. e5 d5 8.
Qxd5 Qxd5 9. Nxd5 Kd8 10. Bf4 e6 11. Nc3 a6 12. Ne4 b5 13. Bb3 Ke7 14. O-O Nh6
15. Rac1 Bd7 16. Bg5+ Kf8 17. Rfd1 Be8 18. Nd6 Ne7 19. Rc7 Nhf5 20. g4 h6 21.
gxf5 hxg5 22. f6 1-0

[Event "DVM U20w 2015"]
[Site "Osnabrück GER"]
[Date "2015.12.28"]
[Round "3"]
[White "Hartewig, Anja"]
[Black "Alsheimer, Lea"]
[Result "1-0"]
[Termination "normal"]
[Board "1.2"]
[WhiteElo "1761"]
[BlackElo "1624"]
[WhiteTeam "Chemnitzer SC Aufbau`95"]
[BlackTeam "SC Bechhofen 1923"]
[PlyCount "117"]
[WhiteFideId "12917966"]
[BlackFideId "12918180"]
[EventCountry "GER"]
[EventRounds "7"]
[EventType "team-swiss"]
[EventDate "2015.12.26"]

1. d4 Nf6 2. c4 c5 3. d5 b5 4. cxb5 a6 5. bxa6 g6 6. Nc3 Bxa6 7. Nf3 d6 8. g3
Bg7 9. Bg2 Nbd7 10. O-O Nb6 11. Re1 O-O 12. e4 Nfd7 13. Rb1 Nc4 14. Bf1 Nce5
15. Nxe5 Nxe5 16. f4 Nd7 17. Qc2 Qa5 18. a3 Bxf1 19. Rxf1 Qa6 20. Bd2 Rfb8 21.
Qd1 Qd3 22. Rf3 Qd4+ 23. Kg2 Qc4 24. b3 Qa6 25. a4 Bxc3 26. Bxc3 Qb7 27. a5 c4
28. Qd4 f6 29. Qxc4 Rc8 30. Qe2 Kf7 31. Be1 Nc5 32. Re3 Rc7 33. Qd1 Nd7 34. b4
Qb5 35. Rc3 Rxc3 36. Bxc3 Qc4 37. Qe1 Nb8 38. b5 Nd7 39. a6 Nc5 40. Rb4 Qa2+
41. Qd2 Qxd2+ 42. Bxd2 Nxa6 43. bxa6 Rxa6 44. Bc3 Ra2+ 45. Rb2 Ra3 46. Bd4 Ra4
47. Rd2 h6 48. e5 fxe5 49. fxe5 dxe5 50. Bxe5 Ra6 51. Kf3 Ra3+ 52. Kg4 Ra4+ 53.
Rd4 Ra5 54. h4 h5+ 55. Kg5 Ra6 56. d6 exd6 57. Bxd6 Ke6 58. Kxg6 Rxd6 59. Rxd6+
1-0

[Event "DVM U20w 2015"]
[Site "Osnabrück GER"]
[Date "2015.12.28"]
[Round "3"]
[White "Böse, Carolin"]
[Black "Nitzsche, Pia"]
[Result "1/2-1/2"]
[Termination "normal"]
[Board "1.3"]
[WhiteElo "1555"]
[BlackElo "1719"]
[WhiteTeam "SC Bechhofen 1923"]
[BlackTeam "Chemnitzer SC Aufbau`95"]
[PlyCount "62"]
[WhiteFideId "12929646"]
[BlackFideId "12900370"]
[EventCountry "GER"]
[EventRounds "7"]
[EventType "team-swiss"]
[EventDate "2015.12.26"]

1. e4 c5 2. Nc3 Nc6 3. Nf3 d6 4. d4 cxd4 5. Nxd4 Nf6 6. Bc4 g6 7. Be3 Bg7 8.
O-O O-O 9. f3 a6 10. Nxc6 bxc6 11. Rb1 Qc7 12. Qe2 a5 13. Bf2 Rd8 14. Rfd1 Bb7
15. Na4 Nd7 16. Kh1 c5 17. Bb3 Nb6 18. c4 Nxa4 19. Bxa4 Bc6 20. Bxc6 Qxc6 21.
Qc2 Rab8 22. Rd3 Rd7 23. Be1 Ra7 24. Ra3 Qc7 25. Bc3 Bxc3 26. Rxc3 a4 27. Qc1
Qa5 28. Qc2 Rab7 29. Qc1 Rb4 30. Rc2 Qb6 31. Qd2 Qa6 1/2-1/2

[Event "DVM U20w 2015"]
[Site "Osnabrück GER"]
[Date "2015.12.28"]
[Round "3"]
[White "Fischer, Franziska"]
[Black "Schäfer, Ann-Kathrin"]
[Result "1-0"]
[Termination "normal"]
[Board "1.4"]
[WhiteElo "1773"]
[BlackElo "1706"]
[WhiteTeam "Chemnitzer SC Aufbau`95"]
[BlackTeam "SC Bechhofen 1923"]
[PlyCount "71"]
[WhiteFideId "12924199"]
[BlackFideId "24615412"]
[EventCountry "GER"]
[EventRounds "7"]
[EventType "team-swiss"]
[EventDate "2015.12.26"]

1. d4 e6 2. e3 f5 3. c4 Nf6 4. Nc3 b6 5. Nf3 Bb7 6. a3 Be7 7. Be2 O-O 8. O-O d6
9. Qc2 Ne4 10. b4 Nd7 11. Bb2 Qe8 12. Nb5 Bd8 13. Rad1 Rf6 14. c5 dxc5 15. dxc5
e5 16. cxb6 cxb6 17. Nc7 Bxc7 18. Qxc7 Bc6 19. Nxe5 Rc8 20. Bc4+ Kf8 21. Nxd7+
Bxd7 22. Qxd7 Rxc4 23. Qxe8+ Kxe8 24. Bxf6 Nxf6 25. Rc1 Rxc1 26. Rxc1 Kd7 27.
f3 Kd6 28. Kf2 b5 29. h3 a6 30. g4 fxg4 31. hxg4 Nd5 32. f4 g6 33. Rh1 Nf6 34.
Kf3 Kd5 35. e4+ Nxe4 36. Rd1+ 1-0

[Event "DVM U20w 2015"]
[Site "Osnabrück GER"]
[Date "2015.12.28"]
[Round "3"]
[White "Lagunow, Elina"]
[Black "Diederichs, Luise"]
[Result "0-1"]
[Termination "normal"]
[Board "2.1"]
[WhiteElo "1751"]
[BlackElo "1964"]
[WhiteTeam "BSV 63 Chemie Weißensee"]
[BlackTeam "TuRa Harksheide Norderstedt"]
[PlyCount "102"]
[WhiteFideId "4673387"]
[BlackFideId "24692328"]
[EventCountry "GER"]
[EventRounds "7"]
[EventType "team-swiss"]
[EventDate "2015.12.26"]

1. Nf3 c5 2. g3 g6 3. Bg2 Bg7 4. O-O Nc6 5. c3 e5 6. d3 Nge7 7. e4 d6 8. Nbd2
O-O 9. Ne1 f5 10. f4 Be6 11. Nef3 h6 12. Nb3 c4 13. exf5 Nxf5 14. dxc4 e4 15.
Nfd4 Nfxd4 16. cxd4 Bxc4 17. Re1 d5 18. Kh1 Bxb3 19. Qxb3 Nxd4 20. Qa4 b5 21.
Qd1 Rc8 22. Rb1 Kh7 23. Be3 Nc2 24. Re2 Nxe3 25. Rxe3 Qb6 26. Rb3 Rc5 27. Qd2
Rfc8 28. Rd1 Qc6 29. h4 a6 30. a3 d4 31. g4 Qe6 32. Rg3 Rc2 33. Qe1 e3 34. h5
g5 35. fxg5 hxg5 36. Qg1 Kh6 37. b4 Rf2 38. Rf1 Rcc2 39. Rxf2 exf2 40. Qf1 Qe1
41. Rf3 Rc1 42. Rxf2 Qe3 43. Qxc1 Qxc1+ 44. Rf1 Qxa3 45. Re1 Qb3 46. Ra1 Qe6
47. Bf3 d3 48. Rd1 d2 49. Kg2 Qe3 50. Rf1 Be5 51. Rf2 Qxf3+ 0-1

[Event "DVM U20w 2015"]
[Site "Osnabrück GER"]
[Date "2015.12.28"]
[Round "3"]
[White "Polert, Annika"]
[Black "Koch, Elisabeth"]
[Result "1/2-1/2"]
[Termination "normal"]
[Board "2.2"]
[WhiteElo "1887"]
[BlackElo "1682"]
[WhiteTeam "TuRa Harksheide Norderstedt"]
[BlackTeam "BSV 63 Chemie Weißensee"]
[PlyCount "117"]
[WhiteFideId "24661597"]
[BlackFideId "24695068"]
[EventCountry "GER"]
[EventRounds "7"]
[EventType "team-swiss"]
[EventDate "2015.12.26"]

1. Nf3 Nf6 2. g3 d5 3. Bg2 c5 4. d3 Nc6 5. O-O e6 6. Nbd2 Be7 7. c3 O-O 8. Re1
e5 9. e4 dxe4 10. dxe4 Be6 11. Qe2 a6 12. a4 Qc7 13. h3 Nd7 14. Rb1 f6 15. b3
Qa5 16. Bb2 b5 17. axb5 axb5 18. Ra1 Qb6 19. Nh4 Rfd8 20. Nf5 Bf8 21. Bf1 Na5
22. Qxb5 Qxb5 23. Bxb5 Nb6 24. Red1 Nxb3 25. Nxb3 Bxb3 26. Rxd8 Rxd8 27. Ra7
Rd1+ 28. Kg2 Rb1 29. Ba1 Bc2 30. Bc6 g6 31. Ne3 Bb3 32. c4 h5 33. Nd5 Nxd5 34.
Bxd5+ Kh8 35. Rf7 Bg7 36. Ra7 Rc1 37. Bb2 Rc2 38. Ba3 Bxc4 39. Ra8+ Kh7 40. Rc8
Bxd5 41. exd5 c4 42. d6 Rd2 43. Rxc4 f5 44. Rc7 Kg8 45. Bb4 Rd3 46. d7 Bf6 47.
Ba5 Kf8 48. Rc8+ Kf7 49. d8=Q Bxd8 50. Bxd8 e4 51. Bg5 Ra3 52. Rc6 Ra2 53. Be3
Kg7 54. Rd6 Re2 55. Kf1 Ra2 56. Rd2 Ra1+ 57. Kg2 Rb1 58. Rc2 Kf6 59. Rc1
1/2-1/2

[Event "DVM U20w 2015"]
[Site "Osnabrück GER"]
[Date "2015.12.28"]
[Round "3"]
[White "Greßmann, Hanna"]
[Black "Rosmait, Emily"]
[Result "1-0"]
[Termination "normal"]
[Board "2.3"]
[WhiteElo "1731"]
[BlackElo "1963"]
[WhiteTeam "BSV 63 Chemie Weißensee"]
[BlackTeam "TuRa Harksheide Norderstedt"]
[PlyCount "87"]
[WhiteFideId "12930709"]
[BlackFideId "12937754"]
[EventCountry "GER"]
[EventRounds "7"]
[EventType "team-swiss"]
[EventDate "2015.12.26"]

1. d4 Nf6 2. Nf3 e6 3. e3 b6 4. Bd3 Bb7 5. O-O Be7 6. Nbd2 d5 7. c3 O-O 8. Qe2
c5 9. e4 dxe4 10. Nxe4 Nbd7 11. dxc5 Nxe4 12. Bxe4 Bxe4 13. Qxe4 Nxc5 14. Qe2
Qd3 15. Qd1 Rfd8 16. Be3 Qb5 17. Qc2 Qd3 18. Rac1 f6 19. c4 a5 20. b3 e5 21.
Ne1 Qd7 22. Nf3 Qd3 23. Ne1 Qd6 24. Nf3 Qc7 25. Rfd1 Rxd1+ 26. Rxd1 Rd8 27. g3
Rd7 28. Rd2 Qd8 29. Rxd7 Qxd7 30. Nd2 f5 31. Qc3 Qd6 32. Nf3 Bf6 33. Qd2 Qc6
34. Ne1 e4 35. Nc2 Kf7 36. Bxc5 Qxc5 37. Qd7+ Kg6 38. Ne3 Bd4 39. Qe6+ Kh5 40.
Qf7+ Kh6 41. Nxf5+ Kg5 42. h4+ Kg4 43. Nxd4 Qxd4 44. Qf4+ 1-0

[Event "DVM U20w 2015"]
[Site "Osnabrück GER"]
[Date "2015.12.28"]
[Round "3"]
[White "Zimmermann, Jasmin"]
[Black "Alcer, Johanna"]
[Result "1-0"]
[Termination "normal"]
[Board "2.4"]
[WhiteElo "1721"]
[BlackElo "1187"]
[WhiteTeam "TuRa Harksheide Norderstedt"]
[BlackTeam "BSV 63 Chemie Weißensee"]
[PlyCount "59"]
[WhiteFideId "12900400"]
[BlackFideId "12964450"]
[EventCountry "GER"]
[EventRounds "7"]
[EventType "team-swiss"]
[EventDate "2015.12.26"]

1. e4 e5 2. Nf3 Nc6 3. Bc4 Bc5 4. c3 Nf6 5. d4 exd4 6. O-O dxc3 7. e5 d5 8.
exf6 Qxf6 9. Bg5 Qd6 10. Bb3 cxb2 11. Qe2+ Be6 12. Qxb2 O-O 13. Nc3 Rfe8 14.
Rad1 Ne7 15. Bxe7 Rxe7 16. Nxd5 Bxd5 17. Bxd5 Rd8 18. Bxf7+ Rxf7 19. Rxd6 cxd6
20. Ng5 Rfd7 21. Qb3+ d5 22. Qh3 g6 23. Ne6 Rc8 24. Nxc5 Rdc7 25. Nxb7 Rb8 26.
Nd6 Rd8 27. Qe6+ Kf8 28. Qf6+ Kg8 29. Qxd8+ Kg7 30. Qxc7+ 1-0

[Event "DVM U20w 2015"]
[Site "Osnabrück GER"]
[Date "2015.12.28"]
[Round "3"]
[White "Wiesner, Paula"]
[Black "Peters, Theresa"]
[Result "1-0"]
[Termination "normal"]
[Board "3.1"]
[WhiteElo "2029"]
[BlackElo "1722"]
[WhiteTeam "Karlsruher SF 1853"]
[BlackTeam "SV 1919 Grimma"]
[PlyCount "75"]
[WhiteFideId "24654019"]
[BlackFideId "12952192"]
[EventCountry "GER"]
[EventRounds "7"]
[EventType "team-swiss"]
[EventDate "2015.12.26"]

1. e4 c5 2. c3 d5 3. exd5 Qxd5 4. d4 Nc6 5. Nf3 Bg4 6. Be2 cxd4 7. cxd4 e6 8.
Nc3 Qa5 9. O-O Nf6 10. h3 Bh5 11. a3 Be7 12. Be3 a6 13. Qb3 Qd8 14. Rfd1 Nd5
15. Nxd5 exd5 16. Rac1 Na5 17. Qa2 O-O 18. g4 Bg6 19. Ne5 b5 20. Bf3 Be4 21.
Bxe4 dxe4 22. Bf4 Rc8 23. Rxc8 Qxc8 24. Rc1 Qb7 25. Nxf7 Nc4 26. Nd6 Bxd6 27.
Bxd6 Rf3 28. Rxc4 bxc4 29. Qxc4+ Kh8 30. Qe6 Qc6 31. d5 Qa8 32. g5 Rd3 33. Be5
Qg8 34. Qe7 Rf3 35. d6 Rf7 36. Qe6 Qf8 37. d7 Re7 38. Bd6 1-0

[Event "DVM U20w 2015"]
[Site "Osnabrück GER"]
[Date "2015.12.28"]
[Round "3"]
[White "Neumann, Isabel"]
[Black "Mangei, Jasmin"]
[Result "1/2-1/2"]
[Termination "normal"]
[Board "3.2"]
[WhiteElo "1644"]
[BlackElo "1890"]
[WhiteTeam "SV 1919 Grimma"]
[BlackTeam "Karlsruher SF 1853"]
[PlyCount "87"]
[WhiteFideId "12964468"]
[BlackFideId "12951803"]
[EventCountry "GER"]
[EventRounds "7"]
[EventType "team-swiss"]
[EventDate "2015.12.26"]

1. d4 d5 2. c4 e6 3. Nf3 Nf6 4. g3 Be7 5. Bg2 O-O 6. Qc2 c6 7. O-O Nbd7 8. Rd1
b6 9. b3 Bb7 10. Nc3 Rc8 11. e4 dxe4 12. Nxe4 Nxe4 13. Qxe4 Qc7 14. Ne5 Rfd8
15. Bb2 Nf6 16. Qf3 Ba8 17. Qe2 c5 18. Bxa8 Rxa8 19. Rd2 cxd4 20. Rad1 Nd7 21.
Bxd4 Bb4 22. Rd3 Bc5 23. Nxd7 Rxd7 24. Bxc5 Rxd3 25. Rxd3 Qxc5 26. Qd2 h6 27.
Rd7 a5 28. Qf4 Rf8 29. Rc7 Qb4 30. Rb7 a4 31. Qf3 axb3 32. axb3 Qc5 33. Qe3 Rd8
34. Rxb6 Qa3 35. c5 Qa1+ 36. Kg2 Rd1 37. Rb8+ Kh7 38. Qe4+ g6 39. b4 Rg1+ 40.
Kf3 Qf6+ 41. Qf4 Qc3+ 42. Qe3 Qf6+ 43. Qf4 Qc3+ 44. Qe3 1/2-1/2

[Event "DVM U20w 2015"]
[Site "Osnabrück GER"]
[Date "2015.12.28"]
[Round "3"]
[White "Wang, Yanru"]
[Black "Könze, Heike"]
[Result "1/2-1/2"]
[Termination "normal"]
[Board "3.3"]
[WhiteElo "1490"]
[BlackElo "1639"]
[WhiteTeam "Karlsruher SF 1853"]
[BlackTeam "SV 1919 Grimma"]
[PlyCount "65"]
[WhiteFideId "12929328"]
[BlackFideId "12964476"]
[EventCountry "GER"]
[EventRounds "7"]
[EventType "team-swiss"]
[EventDate "2015.12.26"]

1. f4 g6 2. Nf3 Bg7 3. e3 d6 4. Be2 Nf6 5. O-O O-O 6. Nc3 c5 7. b3 Nc6 8. Bb2
b6 9. d3 Bb7 10. Qc1 Qc7 11. Ne4 Nxe4 12. Bxg7 Kxg7 13. dxe4 e5 14. f5 f6 15.
c4 Ne7 16. Nd2 Qd7 17. g4 a6 18. Qe1 b5 19. Qh4 bxc4 20. bxc4 Rab8 21. Rf3 g5
22. Qh5 Qa4 23. Rh3 Rh8 24. Qh6+ Kf7 25. Qh5+ Kg8 26. Qh6 Rf8 27. Rg3 Qc2 28.
Rd1 Kf7 29. h4 Rfg8 30. Qh5+ Kf8 31. Qh6+ Kf7 32. Qh5+ Kf8 33. Qh6+ 1/2-1/2

[Event "DVM U20w 2015"]
[Site "Osnabrück GER"]
[Date "2015.12.28"]
[Round "3"]
[White "Hagenbeck-Hübert, Lara"]
[Black "Bykov, Ilona"]
[Result "1/2-1/2"]
[Termination "normal"]
[Board "3.4"]
[WhiteElo "1520"]
[BlackElo "1257"]
[WhiteTeam "SV 1919 Grimma"]
[BlackTeam "Karlsruher SF 1853"]
[PlyCount "122"]
[WhiteFideId "12964484"]
[BlackFideId "12964433"]
[EventCountry "GER"]
[EventRounds "7"]
[EventType "team-swiss"]
[EventDate "2015.12.26"]

1. d4 d5 2. Nf3 Nf6 3. Bf4 c5 4. Nc3 e6 5. Nb5 Qa5+ 6. Nc3 Ne4 7. Bd2 Nxd2 8.
Qxd2 Nc6 9. e3 Be7 10. Be2 O-O 11. O-O Qb6 12. Rab1 cxd4 13. exd4 Bf6 14. Rfd1
a6 15. a3 Bd7 16. Na4 Qc7 17. Nc3 Rfc8 18. Na2 Na5 19. Bd3 b5 20. c3 Nc4 21.
Qc2 a5 22. Bxh7+ Kf8 23. Bd3 Be7 24. Rdc1 Nb6 25. Qe2 Nc4 26. Ne5 Nd6 27. Rc2
Qd8 28. Nc1 Rab8 29. Nb3 b4 30. Nc5 Bb5 31. Bxb5 Rxb5 32. axb4 axb4 33. Rcc1
bxc3 34. bxc3 Rxb1 35. Rxb1 Nf5 36. Qh5 Nh6 37. Ng6+ Ke8 38. Nxe6 fxe6 39.
Nxe7+ Kxe7 40. Rb7+ Rc7 41. Qg5+ Ke8 42. Qg6+ Kf8 43. Rb3 Qc8 44. Qd3 Nf7 45.
h4 Kg8 46. f3 Rd7 47. f4 Nh6 48. Qf3 Qe8 49. h5 Kh8 50. g4 Qf8 51. Kh2 Rf7 52.
Kg3 Kg8 53. Rb6 Qe7 54. Qe3 Rf6 55. Kh3 Qf7 56. Rb8+ Kh7 57. Qd3+ g6 58. g5
Rxf4 59. hxg6+ Qxg6 60. Qxg6+ Kxg6 61. gxh6 Rf3+ 1/2-1/2

[Event "DVM U20w 2015"]
[Site "Osnabrück GER"]
[Date "2015.12.28"]
[Round "3"]
[White "Graf, Pia"]
[Black "Hund, Sarah"]
[Result "1/2-1/2"]
[Termination "normal"]
[Board "4.1"]
[WhiteElo "1768"]
[BlackElo "1881"]
[WhiteTeam "USG Chemnitz"]
[BlackTeam "SK Freiburg Zähringen 1887"]
[PlyCount "104"]
[WhiteFideId "12917737"]
[BlackFideId "12923338"]
[EventCountry "GER"]
[EventRounds "7"]
[EventType "team-swiss"]
[EventDate "2015.12.26"]

1. e4 e5 2. Nf3 Nc6 3. Bb5 Nge7 4. c3 d6 5. h3 Ng6 6. d4 Bd7 7. Be3 Be7 8. Nbd2
h6 9. O-O Bg5 10. Nc4 Qe7 11. Qd3 O-O 12. Ncd2 a6 13. Bxc6 Bxc6 14. Nxg5 hxg5
15. Rfe1 Rae8 16. Qf1 Qf6 17. dxe5 Nxe5 18. Bd4 Qh6 19. Re3 Ng6 20. Rae1 Nf4
21. b3 b5 22. c4 f5 23. cxb5 Bxb5 24. Nc4 fxe4 25. a4 Bc6 26. Rc1 Re7 27. Nxd6
Nd5 28. Rxc6 Nxe3 29. Bxe3 cxd6 30. Qc4+ Qe6 31. Rxd6 Qxc4 32. bxc4 Rc7 33.
Rxa6 Rxc4 34. Bxg5 Rb8 35. Be3 Kf7 36. Ra7+ Kf6 37. Kh2 g6 38. a5 Rb3 39. Ra6+
Kf7 40. Kg3 Ra4 41. Ra7+ Ke6 42. Ra6+ Kf7 43. Kf4 Rba3 44. g4 Rxa5 45. Rxa5
Rxa5 46. Kxe4 Ke6 47. Kf3 Rb5 48. Kg3 Ra5 49. h4 Rb5 50. Bg5 Ra5 51. f3 Rb5 52.
Bf4 Ra5 1/2-1/2

[Event "DVM U20w 2015"]
[Site "Osnabrück GER"]
[Date "2015.12.28"]
[Round "3"]
[White "Denz, Annika"]
[Black "Kluge, Leyla"]
[Result "1/2-1/2"]
[Termination "normal"]
[Board "4.2"]
[WhiteElo "1648"]
[BlackElo "1604"]
[WhiteTeam "SK Freiburg Zähringen 1887"]
[BlackTeam "USG Chemnitz"]
[PlyCount "51"]
[WhiteFideId "12922935"]
[BlackFideId "12918172"]
[EventCountry "GER"]
[EventRounds "7"]
[EventType "team-swiss"]
[EventDate "2015.12.26"]

1. e4 c5 2. Nf3 Nc6 3. Bb5 g6 4. Bxc6 bxc6 5. O-O Bg7 6. d3 d6 7. Nc3 c4 8. h3
cxd3 9. cxd3 Nf6 10. Re1 O-O 11. Bg5 h6 12. Be3 Rb8 13. Qd2 Kh7 14. Bxa7 Ra8
15. Be3 Ba6 16. a3 Qc7 17. Bf4 Nh5 18. Bh2 Qb6 19. Rab1 Qb3 20. e5 dxe5 21.
Bxe5 Rfd8 22. Re3 Bxe5 23. Nxe5 c5 24. Nc6 Rd7 25. Ne5 Rd6 26. Ne4 1/2-1/2

[Event "DVM U20w 2015"]
[Site "Osnabrück GER"]
[Date "2015.12.28"]
[Round "3"]
[White "Oltmanns, Bianca"]
[Black "Neisius, Laura Maria"]
[Result "0-1"]
[Termination "normal"]
[Board "4.3"]
[WhiteElo "1745"]
[BlackElo "1463"]
[WhiteTeam "USG Chemnitz"]
[BlackTeam "SK Freiburg Zähringen 1887"]
[PlyCount "139"]
[WhiteFideId "24698008"]
[BlackFideId "12910040"]
[EventCountry "GER"]
[EventRounds "7"]
[EventType "team-swiss"]
[EventDate "2015.12.26"]

1. e4 e6 2. d4 d5 3. e5 c5 4. c3 Nc6 5. Be2 Bd7 6. Nf3 Qb6 7. O-O Nge7 8. Na3
a6 9. Nc2 Ng6 10. Rb1 Qc7 11. Bd3 Be7 12. Ng5 c4 13. Bxg6 hxg6 14. Qg4 f5 15.
Qg3 Bxg5 16. Qxg5 Ne7 17. Ne1 Rh5 18. Qd2 Bb5 19. Nf3 Kd7 20. Qc2 a5 21. Bg5
Rf8 22. Qd2 Kc8 23. Rfc1 Rfh8 24. b3 Ng8 25. bxc4 Qxc4 26. Rb2 Qd3 27. Qxd3
Bxd3 28. Rb6 Be4 29. h4 Nh6 30. Rxe6 Nf7 31. Bf4 Bxf3 32. gxf3 Rxh4 33. Re7 Nd8
34. Bd2 Rh1+ 35. Kg2 R1h2+ 36. Kg1 Rh1+ 37. Kg2 R1h2+ 38. Kg3 R8h3+ 39. Kf4
Rxf2 40. Rxg7 Rhxf3+ 41. Kg5 Ne6+ 42. Kf6 Nxg7 43. Kxg7 Rxd2 44. Kxg6 Rxa2 45.
Re1 Rff2 46. Kf7 Kd8 47. e6 Rae2 48. e7+ Rxe7+ 49. Rxe7 Kc8 50. Re5 Kc7 51.
Rxd5 b6 52. Re5 a4 53. d5 a3 54. Re7+ Kd6 55. c4 a2 56. Ra7 Ke5 57. Ke7 Rd2 58.
d6 Rxd6 59. Rxa2 Rc6 60. Rc2 f4 61. Kd7 Rc5 62. Rb2 Rxc4 63. Rxb6 f3 64. Re6+
Kf4 65. Kd6 f2 66. Kd5 Ra4 67. Rf6+ Kg3 68. Rg6+ Rg4 69. Rf6 Kg2 70. Ke5 0-1

[Event "DVM U20w 2015"]
[Site "Osnabrück GER"]
[Date "2015.12.28"]
[Round "3"]
[White "Antusch, Isabella"]
[Black "Fuchs, Joline"]
[Result "0-1"]
[Termination "normal"]
[Board "4.4"]
[WhiteElo "1139"]
[BlackElo "1347"]
[WhiteTeam "SK Freiburg Zähringen 1887"]
[BlackTeam "USG Chemnitz"]
[PlyCount "44"]
[WhiteFideId "12963941"]
[BlackFideId "12964506"]
[EventCountry "GER"]
[EventRounds "7"]
[EventType "team-swiss"]
[EventDate "2015.12.26"]

1. e4 e5 2. Nf3 Nc6 3. d4 exd4 4. Nxd4 Bc5 5. Nxc6 Qf6 6. Qe2 dxc6 7. Be3 Ba3
8. c3 Bd6 9. e5 Qxe5 10. Bd4 Qxe2+ 11. Bxe2 Nf6 12. Nd2 Bf5 13. Bf3 a6 14. h3
O-O-O 15. Bxf6 Rhe8+ 16. Kd1 gxf6 17. Kc1 Bf4 18. Rd1 Bg6 19. g3 Bh6 20. Bg2
Bxd2+ 21. Rxd2 Re1+ 22. Rd1 Rdxd1# 0-1

[Event "DVM U20w 2015"]
[Site "Osnabrück GER"]
[Date "2015.12.28"]
[Round "3"]
[White "Weber, Sandra"]
[Black "Schumann, Rabea"]
[Result "1/2-1/2"]
[Termination "normal"]
[Board "5.1"]
[WhiteElo "1873"]
[BlackElo "1838"]
[WhiteTeam "SV Stuttgart-Wolfbusch 1956"]
[BlackTeam "SG Güstrow/Teterow"]
[PlyCount "91"]
[WhiteFideId "1270049"]
[BlackFideId "12918199"]
[EventCountry "GER"]
[EventRounds "7"]
[EventType "team-swiss"]
[EventDate "2015.12.26"]

1. e4 c5 2. Nf3 Nc6 3. d4 cxd4 4. Nxd4 g6 5. Nc3 Bg7 6. Be3 Nf6 7. Bc4 Qa5 8.
O-O O-O 9. Bb3 d6 10. h3 Bd7 11. f4 Nxd4 12. Bxd4 Bc6 13. Nd5 Bxd5 14. exd5
Rfe8 15. Qf3 Nd7 16. Bxg7 Kxg7 17. Kh1 Rac8 18. Rae1 f6 19. Re2 Kf7 20. Rfe1
Nc5 21. Qg4 Nxb3 22. Qe6+ Kf8 23. axb3 Rc7 24. c3 Qb5 25. b4 Qd7 26. Qe3 Qf5
27. Qd4 g5 28. Rf2 g4 29. hxg4 Qxg4 30. Qe4 f5 31. Qf3 h5 32. Qxg4 hxg4 33. g3
Kf7 34. Ree2 Rh8+ 35. Kg2 a6 36. Re3 Rh6 37. Ree2 Rh8 38. Re1 Rh6 39. Rfe2 Rh8
40. Re6 Rh7 41. R1e2 Rh8 42. Re1 Rh7 43. R1e3 Rh8 44. Re1 Rh7 45. R1e3 Rh8 46.
Re1 1/2-1/2

[Event "DVM U20w 2015"]
[Site "Osnabrück GER"]
[Date "2015.12.28"]
[Round "3"]
[White "Zoll, Cindy"]
[Black "Lederer, Leia"]
[Result "0-1"]
[Termination "normal"]
[Board "5.2"]
[WhiteElo "1272"]
[BlackElo "1565"]
[WhiteTeam "SG Güstrow/Teterow"]
[BlackTeam "SV Stuttgart-Wolfbusch 1956"]
[PlyCount "82"]
[WhiteFideId "12964638"]
[BlackFideId "12926353"]
[EventCountry "GER"]
[EventRounds "7"]
[EventType "team-swiss"]
[EventDate "2015.12.26"]

1. e4 e5 2. Nf3 Nc6 3. Bc4 Nf6 4. Nc3 Nxe4 5. Nxe4 d5 6. Bxd5 Qxd5 7. d3 Bg4 8.
h3 Bxf3 9. Qxf3 O-O-O 10. O-O Nd4 11. Qd1 f5 12. c4 Qc6 13. Nc3 f4 14. Re1 f3
15. g3 Qe6 16. Kh2 Be7 17. Bf4 Bf6 18. Be3 Qf5 19. Bxd4 exd4 20. Ne4 Be5 21.
Nd2 Rhf8 22. Nxf3 Qxf3 23. Qxf3 Rxf3 24. Rxe5 Rxf2+ 25. Kg1 Rxb2 26. Re7 Rd2
27. Rxg7 Rxd3 28. Kf2 Rf8+ 29. Kg2 Rd2+ 30. Kg1 h5 31. a3 Rc2 32. Rh7 Rxc4 33.
Rxh5 Rd8 34. Rg5 d3 35. Rd1 d2 36. Kf2 Re4 37. Rb5 Rf8+ 38. Kg2 Re2+ 39. Kg1
Re1+ 40. Rxe1 dxe1=Q+ 41. Kh2 Rf2# 0-1

[Event "DVM U20w 2015"]
[Site "Osnabrück GER"]
[Date "2015.12.28"]
[Round "3"]
[White "Kobald, Jacqueline"]
[Black "Jörs, Pia-Milena"]
[Result "1/2-1/2"]
[Termination "normal"]
[Board "5.3"]
[WhiteElo "1434"]
[BlackElo "1565"]
[WhiteTeam "SV Stuttgart-Wolfbusch 1956"]
[BlackTeam "SG Güstrow/Teterow"]
[PlyCount "93"]
[WhiteFideId "12988162"]
[BlackFideId "12964646"]
[EventCountry "GER"]
[EventRounds "7"]
[EventType "team-swiss"]
[EventDate "2015.12.26"]

1. e4 e5 2. Nf3 Nc6 3. Bb5 Nf6 4. d3 d6 5. c3 a6 6. Ba4 Be7 7. O-O O-O 8. Nbd2
Bg4 9. Re1 b5 10. Bb3 Na5 11. Bc2 c5 12. Nf1 Nc6 13. h3 Be6 14. Ng3 a5 15. a4
b4 16. c4 Nd4 17. Nxd4 cxd4 18. f4 g6 19. Qf3 Bc8 20. Rf1 Nd7 21. f5 Bf6 22.
Bd2 Nc5 23. b3 Bb7 24. Bh6 Bg7 25. Bxg7 Kxg7 26. f6+ Kh8 27. Qg4 Nd7 28. Qg5
Rg8 29. Rf2 Qf8 30. Raf1 h6 31. Qd2 Kh7 32. Bd1 Nc5 33. h4 Bc8 34. h5 Ra7 35.
Qc2 Be6 36. Kh2 Qc8 37. Qe2 Na6 38. Nh1 g5 39. Ng3 g4 40. Nf5 Bxf5 41. Rxf5 Nc5
42. g3 Ra8 43. Kg2 Qd7 44. Rh1 Rg5 45. Rxg5 hxg5 46. Bc2 Qe6 47. Qf2 1/2-1/2

[Event "DVM U20w 2015"]
[Site "Osnabrück GER"]
[Date "2015.12.28"]
[Round "3"]
[White "Eulitz, Charlotte"]
[Black "Liu, Sijia Anna"]
[Result "1-0"]
[Termination "normal"]
[Board "5.4"]
[WhiteElo "1457"]
[BlackElo "1190"]
[WhiteTeam "SG Güstrow/Teterow"]
[BlackTeam "SV Stuttgart-Wolfbusch 1956"]
[PlyCount "170"]
[WhiteFideId "12964654"]
[BlackFideId "12989746"]
[EventCountry "GER"]
[EventRounds "7"]
[EventType "team-swiss"]
[EventDate "2015.12.26"]

1. e4 c5 2. Nf3 Nc6 3. d4 cxd4 4. Nxd4 g6 5. Nc3 Bg7 6. Be3 Nf6 7. f3 O-O 8.
Qd2 d5 9. Nxc6 bxc6 10. Rd1 Be6 11. exd5 cxd5 12. Be2 a6 13. Bd4 Qd6 14. O-O
Rab8 15. b3 Rfd8 16. Qe3 Rbc8 17. Rd2 Qc6 18. Na4 Rd6 19. Nb2 h5 20. Be5 Rdd8
21. c4 Qc5 22. Bd4 Qc6 23. Rfd1 dxc4 24. Bxc4 Nd5 25. Bxd5 Bxd5 26. Bxg7 Kxg7
27. Qe5+ Qf6 28. Qxf6+ Kxf6 29. Rxd5 Rxd5 30. Rxd5 Rc1+ 31. Nd1 Rc2 32. a3 Ke6
33. Rd3 Ke5 34. Kf1 f5 35. Re3+ Kf6 36. Re2 Rc1 37. Ke1 Rb1 38. Re3 Ra1 39. a4
Ra2 40. Re2 Ra3 41. Rb2 Ra1 42. Ke2 Ke5 43. Rd2 g5 44. Kd3 Rc1 45. Ne3 f4 46.
Nc4+ Kd5 47. Re2 e6 48. Re5+ Kc6 49. Rxe6+ Kc5 50. Re5+ Kb4 51. Nd2 g4 52. Re4+
Kc5 53. Rxf4 Rh1 54. Rf5+ Kb4 55. Rxh5 gxf3 56. gxf3 Rc1 57. Rh4+ Kc5 58. f4
Kd5 59. Rh6 Rc8 60. Rxa6 Rf8 61. Ke3 Rh8 62. Nf1 Rh3+ 63. Ng3 Rxh2 64. Ra5+ Kd6
65. Nf5+ Ke6 66. Nd4+ Kf6 67. Ke4 Rh8 68. b4 Re8+ 69. Re5 Rb8 70. Nb5 Rc8 71.
Kd5 Rd8+ 72. Nd6 Rb8 73. Re6+ Kg7 74. Re7+ Kf6 75. Rb7 Rd8 76. a5 Ra8 77. Rb6
Rd8 78. a6 Rd7 79. Rb7 Rd8 80. a7 Ra8 81. b5 Rh8 82. Kc6 Rh1 83. a8=Q Rh6 84.
Qf8+ Kg6 85. Rg7+ Kh5 1-0